000 01081naa a22002897a 4500
001 BR7602779
003 BR-BrBNA
005 20240918173844.0
007 ta
008 230509b bl.||||| |||| 00| 0 por d
040 _aBR-BrBNA
_bpor
_cBiblioteca Nacional de Agricultura
041 _a(En, Pt)
072 _aE10
_b/G514
090 _aE10 BR7602779
100 1 _aSimonsen, M.H.
245 1 _aAspectos das politicas fiscal e monetaria do Brasil referentes ao investimento estrangeiro. - Aspects of the Brazilian fiscal and monetary policies regarding foreign investments
260 3 _aRio de Janeiro, RJ (Brasil):
_c1976.
500 _aIndice do Brasil 1976/77. - Brazilian index Rio de Janeiro, RJ (Brasil): 1976. p. 17-25 (BR7602779-AM)E10
650 _aMacroeconomia
650 _aDesenvolvimento economico
650 _aInvestimento
650 _aCapital
650 _aLucro
773 0 _tIndice do Brasil 1976/77. - Brazilian index
_wE10 BR7602779
_gRio de Janeiro, RJ (Brasil), 1976. p. 17-25
909 _a202404
_bLucia
_c55
_dLucia Elande
942 _cAM
_2AGRIS
999 _c307304
_d307304